000 00692nam a2200205Ia 4500
005 20260601193222.0
008 260601s9999||||xx |||||||||||||| ||und||
020 _a978-3-031-48876-4
_qebk
100 _aKousik Dasgupta
245 0 _aComputational Intelligence in Communications and Business Analytics
250 _a1st ed. 2024
260 _aHeidelberg, Germany
_bSpringer Nature
_c2024
440 _aCommunications in Computer and Information Science
650 _aComputer Science
700 _aJyotsna K. Mandal
700 _aParamartha Dutta
700 _aSomnath Mukhopadhyay
856 _uhttps://link.springer.com/openurl?genre=book&isbn=978-3-031-48876-4
942 _cEB
_2ddc
999 _c55835
_d55835